000 00790nam a2200193Ia 4500
001 12408
003 GE_BSU
008 181216s||||||||xx |||||||||||||| ||und||
040 _cGE_BSU
080 _a911.2(479.223)+911.3:33(479.223)
100 _aНижарадзе,Н.
245 _aСоветская Аджария.Экономика-географическая характеристика=საბჭოთა აჭარა.ეკონომიკურ-გეოგრაფიული დახასიათება
260 _aБатуми
260 _bГосиздат
260 _c1961
300 _a259стр.илл.23см.
653 _aСоветская Аджария.Экономика-географическая характеристика
942 _cBK
999 _c45582
_d45582